00905 2200325 4500001002100000005001500021035002000036007000300056008004100059040001700100100002000117245007600137250001200213300003600225020002200261041000800283082000800291084001400299090002000313260003100333260003400364650001100398700002600409850001000435264003400445990002500479990002500504990002500529990002500554INLIS00000000000230120260603084349 a0010-0220000152ta260603 1  aSBPUPADbind0 aJalaluddin Rumi1 aSamudra Rubaiyat :bMenyelami Pesona Magis dan Rindu /cJalaluddin Rumi a,-cet 1 avii, 188 hlm. :bilus. ;c20 cm a978-602-50245-7-307aind a808 a808 JAL s a808 JAL s L24-3 aYogyakarta :bForum,c2018 a,--Yogyakarta :bForum,c2018 4asastra0 aPenyunting:Wawan Arif aPUPAD 0a,--Yogyakarta :bForum,c2018 a32.488/APBD/DPK/2019 a32.489/APBD/DPK/2019 a32.490/APBD/DPK/2019 a32.491/APBD/DPK/2019